Zužitkovanie textilných sekundárnych surovín zborník prednášok z 3. celoštátnej konferencie

Na minha lista:
Detalhes bibliográficos
Formato: Livro
Idioma:eslovaco
Publicado em: Žilina Dom techniky ČSVTS 1981
Tags: Adicionar Tag
Sem tags, seja o primeiro a adicionar uma tag!

MARC

LEADER 00000nam a2200000 4500
001 c126742
005 20221220103717.4
041 0 |a slo 
044 |a SK 
245 1 0 |a Zužitkovanie textilných sekundárnych surovín  |b zborník prednášok z 3. celoštátnej konferencie 
264 1 |a Žilina  |b Dom techniky ČSVTS  |c 1981 
300 |a 122 s.  |e príl.